00205nam a2200073Ia 4500008004100000100001500041245004600056260002900102170817s9999 xx 000 0 und d aSharma.S.R 0aTeacher Training And Educational Research bAnmol Publications Delhi